[Event "Cappelle op"]
[Site "Cappelle la Grande"]
[Date "1997.??.??"]
[Round "6"]
[White "Timoshenko, Georgy"]
[Black "Vyzmanavin, Alexey"]
[Result "1/2-1/2"]
[WhiteElo "2510"]
[BlackElo "2585"]

1.e4 c5 2.Nf3 e6 3.d4 cxd4 4.Nxd4 a6 5.Bd3 Qc7 6.O-O Nf6 7.c4 d6 8.Nc3 g6
9.Re1 Bg7 10.Bf1 O-O 11.Bg5 h6 12.Be3 Nbd7 13.Rc1 b6 14.f3 Bb7 15.Qd2 Kh7
16.Red1 Rfe8 17.b4 Bf8 18.Nb3 Qd8 19.a3 Ra7 20.Kh1 Ba8 21.Qf2 Rc7 22.Na4  1/2-1/2

[Event "Chemnitz op"]
[Site "Chemnitz"]
[Date "1997.??.??"]
[Round "7"]
[White "Schubert, S."]
[Black "Jaenig, Reinhard"]
[Result "1/2-1/2"]
[WhiteElo "2075"]
[BlackElo "2240"]

1.e4 c5 2.Nf3 e6 3.d4 cxd4 4.Nxd4 a6 5.Bd3 Qc7 6.O-O Nc6 7.Nxc6 dxc6 8.f4 Bc5+
9.Kh1 e5 10.fxe5 Qxe5 11.Nc3 Nf6 12.Bf4 Qh5 13.Be2 Bg4 14.Bxg4 Qxg4 15.e5 Qxd1
16.Raxd1 Nd7 17.Ne4 Be7 18.Nd6+ Bxd6 19.Rxd6 O-O-O 20.e6 fxe6 21.Rxe6 Rhe8
22.Rfe1  1/2-1/2

[Event "Ciego de Avila"]
[Site "Ciego de Avila"]
[Date "1997.??.??"]
[Round "4"]
[White "Arribas, Maritza"]
[Black "Paneque, Pedro"]
[Result "1/2-1/2"]
[WhiteElo "2295"]
[BlackElo "2345"]

1.e4 c5 2.Nf3 e6 3.d4 cxd4 4.Nxd4 a6 5.Bd3 g6 6.O-O Bg7 7.Be3 Ne7 8.Nc3 Nbc6
9.Nxc6 bxc6 10.Qd2 Rb8 11.Rab1 h6 12.f4 d5 13.exd5 cxd5 14.Bc5  1/2-1/2

[Event "KS Sommerskak op"]
[Site "Copenhagen"]
[Date "1997.??.??"]
[Round "?"]
[White "Mortensen, Erling"]
[Black "Hellsten, Johan"]
[Result "1-0"]
[WhiteElo "2450"]
[BlackElo "2485"]

1.e4 c5 2.Nf3 e6 3.d4 cxd4 4.Nxd4 a6 5.Bd3 Nf6 6.Nc3 Qc7 7.Qe2 d6 8.f4 b5
9.Bd2 Bb7 10.a4 b4 11.Na2 e5 12.Nb3 Nc6 13.Nxb4 Nxb4 14.Bxb4 exf4 15.Bc3 Be7
16.O-O d5 17.Bxf6 Bxf6 18.exd5+ Kf8 19.Qe4 Qd6 20.Qxf4 Qxd5 21.Rf2 Bg5 22.Qb4+ Be7
23.Qc4 Qh5 24.Qc7 Qd5 25.Bc4 Qe4 26.Nc5  1-0

[Event "KS Sommerskak op"]
[Site "Copenhagen"]
[Date "1997.??.??"]
[Round "?"]
[White "Carlsson, Daniel"]
[Black "Mortensen, Erling"]
[Result "0-1"]
[WhiteElo "2240"]
[BlackElo "2450"]

1.e4 c5 2.Nf3 e6 3.d4 cxd4 4.Nxd4 a6 5.Bd3 Qc7 6.O-O Nc6 7.Nxc6 bxc6 8.f4 d5
9.e5 f5 10.c4 d4 11.Nd2 c5 12.Bc2 Ne7 13.Nf3 Nc6 14.Bd2 Be7 15.Qe1 O-O 16.Qg3 Nb4
17.Bxb4 cxb4 18.Bd3 Bb7 19.Rfe1 a5 20.Re2 a4 21.Qh3 Kh8 22.Kf1 Rad8 23.Rd1 b3
24.a3 Rd7 25.Kf2 g6 26.Rg1 Be4 27.Nd2 Bc6 28.Ree1 Qd8 29.Ke2 g5 30.g4 Be4
31.Ref1 gxf4 32.gxf5 exf5 33.Nxe4 fxe4 34.Bxe4 d3+ 35.Kd1 Bc5 36.Rg4 Be3
37.Rh4 Rff7 38.e6 Qa5 39.Qg2 Rg7 40.Rxh7+ Rxh7 41.exd7 Rxd7 42.Qh3+ Kg8 43.Qg4+ Kf8
44.Rxf4+ Bxf4 45.Qxf4+ Ke7 46.Qh4+ Kd6 47.Qf6+ Kc7 48.Qc6+ Kd8 49.Qf6+ Kc7
50.Bf5 Rd8 51.Qe7+ Kb8 52.h4 Qc7 53.Qb4+ Qb7 54.Qxb7+ Kxb7 55.h5 Rf8 56.Be4+ Kb6
57.h6 Kc5 58.Bxd3 Kd4 59.Ke2 Re8+ 60.Kd2 Rg8 61.h7 Rg2+ 62.Ke1 Rh2 63.Bg6 Kxc4
64.Kf1 Kd4 65.Kg1 Rh4 66.Kf2 Ke5 67.Bb1 Kf4 68.Kg2 Rh6 69.Kf2 Rh2+ 70.Kg1 Kg3
71.Be4 Rh4 72.Bc6 Rxh7 73.Kf1 Rh2 74.Ke1 Kf4  0-1

[Event "CZE-chT2 9697"]
[Site "CZE"]
[Date "1997.??.??"]
[Round "?"]
[White "Tobyas, Miroslav"]
[Black "Inneman, Martin"]
[Result "1-0"]
[WhiteElo "2290"]
[BlackElo "2285"]

1.e4 c5 2.Nf3 e6 3.d4 cxd4 4.Nxd4 a6 5.Bd3 Bc5 6.Nb3 Ba7 7.c4 d6 8.Nc3 Nd7
9.O-O Qc7 10.Bf4 Ne5 11.Rc1 Nf6 12.Be2 O-O 13.Bg5 Bd7 14.Bxf6 gxf6 15.Qd2 Bc6
16.Kh1 Kh8 17.Rcd1 Rad8 18.f4 Ng6 19.Bf3 Rg8 20.g3 f5 21.exf5 Bxf3+ 22.Rxf3 Qc6
23.Qd3 Ne7 24.fxe6 fxe6 25.Qe4 Nf5 26.Na5 Qe8 27.Nxb7 Rd7 28.Nxd6 Nxd6 29.Rxd6 Rxd6
30.Qe5+ Rg7 31.Qxd6 h5 32.c5 h4 33.Rd3 Qa8+ 34.c6 Bb6 35.Kg2 Qe8 36.Ne4 Qg6
37.Ng5 hxg3 38.hxg3 Rg8 39.Qe5+ Rg7 40.Rd7  1-0

[Event "CZE-chT2 9697"]
[Site "CZE"]
[Date "1997.??.??"]
[Round "?"]
[White "Bores, Roman"]
[Black "Inneman, Martin"]
[Result "0-1"]
[WhiteElo "2270"]
[BlackElo "2285"]

1.e4 c5 2.Nf3 e6 3.d4 cxd4 4.Nxd4 a6 5.Bd3 Qc7 6.O-O Nc6 7.Be3 Nf6 8.Nc3 Be7
9.Kh1 O-O 10.f4 d6 11.Qf3 Nxd4 12.Bxd4 e5 13.Be3 exf4 14.Bxf4 Be6 15.Nd5 Bxd5
16.exd5 Kh8 17.Rae1 Ng8 18.Re3 g6 19.c4 a5 20.Qg3 Rad8 21.Rfe1 Kg7 22.Bg5 Bf6
23.Bxf6+ Nxf6 24.Re7 Rd7 25.R7e2 Qb6 26.Qf4 Rdd8 27.Qe3 Qxe3 28.Rxe3 Rde8
29.h3 Rxe3 30.Rxe3 Re8 31.Rxe8 Nxe8 32.a3 Kf6 33.b4 b6 34.Kg1 Ke5 35.Kf2 Kd4
36.Be2 Nf6 37.Kf3 Nd7 38.Kf4 h6 39.h4 Ne5 40.c5 dxc5 41.bxa5 bxa5 42.d6 Kd5
43.Bc4+ Kxd6  0-1

[Event "Moravia-chT 9798"]
[Site "CZE"]
[Date "1997.??.??"]
[Round "2.8"]
[White "Divis, Josef"]
[Black "Riska, Lubomir"]
[Result "1/2-1/2"]
[WhiteElo "2245"]
[BlackElo "2240"]

1.e4 c5 2.Nf3 e6 3.d4 cxd4 4.Nxd4 a6 5.Bd3 Qc7 6.O-O Nc6 7.Nxc6 dxc6 8.a4 e5
9.Be3 Nf6 10.Qe2 Be6 11.f3 Bd6 12.Bc4 Qe7 13.Bxe6 Qxe6 14.Nd2 Nd7 15.Qc4 Qe7
16.Nb3 O-O 17.Rfd1 Rfd8 18.a5 Nf8 19.Nc5 Bxc5 20.Qxc5 Qe6 21.Qb4 Rd7 22.Bb6 Re8
23.Rxd7 Qxd7 24.Qe1 Re6 25.Bc5 Re8 26.Rd1 Qc8 27.Qd2 Ne6 28.Bb6 Nd4 29.Bxd4 exd4
30.Qxd4 Qe6 31.Qb4 h6 32.Qxb7 Qc4 33.Qd7 Rb8 34.Qd4 Qxc2 35.Rd2  1/2-1/2

[Event "CZE-chT2 9798"]
[Site "CZE"]
[Date "1997.??.??"]
[Round "4.2"]
[White "Vodicka, Vladimir"]
[Black "Inneman, Martin"]
[Result "1-0"]
[WhiteElo "2340"]
[BlackElo "2270"]

1.e4 c5 2.Nf3 e6 3.d4 cxd4 4.Nxd4 a6 5.Bd3 Qc7 6.O-O Nf6 7.f4 d6 8.Qe2 e5
9.fxe5 dxe5 10.Nf5 Bxf5 11.Rxf5 Bc5+ 12.Kh1 Nbd7 13.Bg5 Be7 14.Nc3 h6 15.Bh4 Bb4
16.Nd5 Nxd5 17.exd5 g6 18.Rxf7 Kxf7 19.Rf1+ Kg7 20.Qg4 Nf8 21.Qxb4 g5 22.d6 Qd7
23.Bg3 Ng6 24.Qe4 Qxd6 25.Qxg6+ Qxg6 26.Bxe5+ Kh7 27.Rf7+ Kg8 28.Bxg6  1-0

[Event "CZE-chT 9697"]
[Site "CZE"]
[Date "1997.??.??"]
[Round "7"]
[White "Votava, Jan"]
[Black "Ioseliani, Nana"]
[Result "1-0"]
[WhiteElo "2530"]
[BlackElo "2510"]

1.e4 c5 2.Nf3 e6 3.d4 cxd4 4.Nxd4 a6 5.Bd3 Bc5 6.Nb3 Ba7 7.Qg4 Nf6 8.Qg3 d6
9.Nc3 Nc6 10.Bg5 h6 11.Bd2 Ne5 12.Be2 h5 13.Bg5 b5 14.f4 h4 15.Bxf6 hxg3
16.Bxd8 Nc4 17.O-O-O Rxh2 18.Bh4 Rxg2 19.Kb1 Bb7 20.Bxc4 bxc4 21.Na5 Rb8
22.Nxc4 Bc5 23.Bxg3  1-0

[Event "Providencia op"]
[Site "Debrecen"]
[Date "1997.??.??"]
[Round "3"]
[White "Medvegy, Zoltan"]
[Black "Kiss, Fernanda"]
[Result "1-0"]
[WhiteElo "2360"]
[BlackElo "2270"]

1.e4 c5 2.Nf3 e6 3.d4 cxd4 4.Nxd4 a6 5.Bd3 Bc5 6.Nb3 Ba7 7.Qe2 Nc6 8.Nc3 d6
9.Be3 Nf6 10.O-O Bxe3 11.Qxe3 O-O 12.a4 Qc7 13.Kh1 e5 14.Nd5 Nxd5 15.exd5 Ne7
16.c4 Bd7 17.f4 f5 18.a5 Rae8 19.fxe5 dxe5 20.Qb6 Qxb6 21.axb6 Rf6 22.c5 Nxd5
23.Na5 Ne3 24.Rfe1 e4 25.Rxe3 exd3 26.Rxd3 Bc6 27.Nxc6 Rxc6 28.b4 a5 29.bxa5 Rxc5
30.h4 Ra8 31.Rd7 Rcxa5 32.Rxa5 Rxa5 33.Rxb7 g6 34.Ra7 Rb5 35.b7  1-0

[Event "Neckar op 1st"]
[Site "Deizisau"]
[Date "1997.??.??"]
[Round "4"]
[White "Vatter, Hans Joachim"]
[Black "Zeller, Frank"]
[Result "0-1"]
[WhiteElo "2265"]
[BlackElo "2425"]

1.e4 c5 2.Nf3 e6 3.d4 cxd4 4.Nxd4 a6 5.Bd3 Nf6 6.O-O d6 7.Kh1 Nbd7 8.f4 Be7
9.c4 Nc5 10.Nc3 Nxd3 11.Qxd3 O-O 12.b3 Qc7 13.Bb2 b6 14.Rae1 Bb7 15.f5 Qd7
16.a4 Rae8 17.Rd1 Bc8 18.fxe6 fxe6 19.Nf3 Qc7 20.e5 dxe5 21.Ng5 g6 22.Nce4 Nxe4
23.Nxe4 Bb7 24.Qe2 Qc6 25.Nd2 e4 26.Qe3 Bc5 27.Rxf8+ Bxf8 28.Re1 Bb4 29.Re2 Rd8
30.Qg5 Qd6 31.Be5 Qf8 32.h3 Bc5 33.Kh2 e3 34.Nb1 Rd3 35.b4 Be7 36.Qg3 Qf1
37.Qg4 Qf5 38.Qg3 Bxb4 39.Rxe3 Rxe3 40.Qxe3 Bc5 41.Bd4 Bd6+ 42.g3 Qc2+ 43.Nd2 e5
44.Bc3 Qc1  0-1

[Event "Neckar op 1st"]
[Site "Deizisau"]
[Date "1997.??.??"]
[Round "6"]
[White "Luther, Thomas"]
[Black "Zeller, Frank"]
[Result "1/2-1/2"]
[WhiteElo "2520"]
[BlackElo "2425"]

1.e4 c5 2.Nf3 e6 3.d4 cxd4 4.Nxd4 a6 5.Bd3 Nf6 6.O-O d6 7.c4 b6 8.Nc3 Bb7
9.Qe2 Nbd7 10.Nf3 Be7 11.Rd1 O-O 12.Bf4 Ng4 13.Rac1 Qc7 14.Bb1 Rac8 15.b3 Nge5
16.Ne1 Rfe8 17.Qd2 Nf6 18.h3 Qb8 19.Be3 Ned7 20.Bf4 Ne5 21.Qe2 Bf8 22.Nf3 Nfd7
23.Nxe5 Nxe5 24.Be3 Bc6 25.a4 Nd7 26.Bc2 Be7 27.Bf4 Ne5 28.Bb1 Red8 29.Qe3 Ng6
30.Bg3 h6 31.Kh2 Ba8 32.Qe2  1/2-1/2

[Event "Neckar op 1st"]
[Site "Deizisau"]
[Date "1997.??.??"]
[Round "8"]
[White "Golubev, Mihail"]
[Black "Ivanov, Mikhail M"]
[Result "1-0"]
[WhiteElo "2530"]
[BlackElo "2500"]

1.e4 c5 2.Nf3 e6 3.d4 cxd4 4.Nxd4 a6 5.Bd3 Qc7 6.O-O Nf6 7.Qe2 d6 8.c4 g6
9.Nc3 Bg7 10.Rd1 O-O 11.Nf3 Nc6 12.h3 b6 13.Bf4 Nd7 14.Rac1 Nde5 15.Bb1 Nxf3+
16.Qxf3 Ne5 17.Qe2 Bb7 18.b3 Rfd8 19.Rd2 Rab8 20.Bg5 f6 21.Be3 Nf7 22.f4 f5
23.Qf2 Bc6 24.exf5 gxf5 25.Bd4 Bxd4 26.Qxd4 Nh8 27.Nd5 Qg7 28.Qxg7+ Kxg7
29.Nc7  1-0

[Event "Neckar op 1st"]
[Site "Deizisau"]
[Date "1997.??.??"]
[Round "9"]
[White "Ott, Frank"]
[Black "Farago, Ivan"]
[Result "0-1"]
[WhiteElo "2245"]
[BlackElo "2440"]

1.e4 c5 2.Nf3 e6 3.d4 cxd4 4.Nxd4 a6 5.Bd3 Nf6 6.O-O Qc7 7.c4 d6 8.Nc3 g6
9.f4 Bg7 10.Nf3 O-O 11.Qe2 b6 12.Bd2 Bb7 13.Rac1 Nbd7 14.b4 Kh8 15.Kh1 Rae8
16.Rc2 Nh5 17.Be3 f5 18.exf5 gxf5 19.Ng5 Nhf6 20.Bc1 Qc8 21.Bb2 Nb8 22.Qe1 Nc6
23.Ne2 h6 24.b5 hxg5 25.fxg5 Ne5 26.gxf6 Rxf6 27.Nf4 Rh6 28.bxa6 Bxa6 29.Bd4 Qc7
30.Qb4 Nxd3 31.Bxg7+ Qxg7 32.Nxd3 Qg3 33.Qc3+ Kh7 34.Kg1 Qxh2+ 35.Kf2 Rg8
36.Ne1 d5 37.Nf3 Rxg2+ 38.Ke1 Rxc2  0-1

[Event "Dieren op"]
[Site "Dieren"]
[Date "1997.??.??"]
[Round "1"]
[White "Van Rijn, Wouter"]
[Black "Chuchelov, Vladimir"]
[Result "0-1"]
[WhiteElo "2235"]
[BlackElo "2540"]

1.e4 c5 2.Nf3 e6 3.d4 cxd4 4.Nxd4 a6 5.Bd3 Nf6 6.O-O Qc7 7.Be3 d5 8.Nd2 Be7
9.f4 dxe4 10.Nxe4 Nbd7 11.Kh1 O-O 12.Rf3 Nxe4 13.Bxe4 Nf6 14.Bd3 Rd8 15.Qe2 g6
16.c3 b5 17.Re1 Bb7 18.Rh3 Bf8 19.Qf2 Bg7 20.Qh4 Rd5 21.f5 exf5 22.Bg5 Qd6
23.Bxf6 Qxf6 24.Qxh7+ Kf8 25.Rhe3 f4 26.Ne6+ fxe6 27.Rxe6 Qxe6 28.Rxe6 Rxd3
29.Kg1 Rd1+ 30.Kf2 Rd2+ 31.Kf1 Bxg2+ 32.Kg1 Bd5 33.Rxg6 Ra7 34.Rg4  0-1

[Event "Dieren op"]
[Site "Dieren"]
[Date "1997.??.??"]
[Round "2"]
[White "Van Haastert, Edwin"]
[Black "Miezis, Normunds"]
[Result "0-1"]
[WhiteElo "2345"]
[BlackElo "2515"]

1.e4 c5 2.Nf3 e6 3.d4 cxd4 4.Nxd4 a6 5.Bd3 Nc6 6.Nxc6 dxc6 7.Nd2 e5 8.Qh5 Bd6
9.Nc4 Nf6 10.Nxd6+ Qxd6 11.Qe2 Be6 12.O-O Nd7 13.Rd1 Qe7 14.b3 O-O 15.a4 Rfd8
16.Ba3 Qg5 17.Bc4 Bxc4 18.Qxc4 Nf6 19.Be7 Rd2 20.Qb4 Rxf2 21.Kxf2 Ng4+ 22.Kf1 Qf4+
23.Kg1 Qe3+ 24.Kh1 Nf2+ 25.Kg1 Nh3+ 26.Kh1 Qg1+ 27.Rxg1 Nf2+  0-1

[Event "Dieren op"]
[Site "Dieren"]
[Date "1997.??.??"]
[Round "5"]
[White "Hendriks, Willy"]
[Black "Chuchelov, Vladimir"]
[Result "0-1"]
[WhiteElo "2360"]
[BlackElo "2540"]

1.e4 c5 2.Nf3 e6 3.d4 cxd4 4.Nxd4 a6 5.Bd3 Nf6 6.O-O Qc7 7.Qe2 d6 8.c4 g6
9.Nc3 Bg7 10.Nf3 O-O 11.Rd1 Ng4 12.Bf4 Ne5 13.Rac1 Nbc6 14.b3 Qe7 15.Bb1 Bd7
16.Ne1 Rad8 17.Be3 f5 18.f4 Ng4 19.Bb6 Rde8 20.exf5 gxf5 21.Nf3 Bc8 22.h3 Nf6
23.Qd2 Nh5 24.Be3 e5 25.Qxd6 Qxd6 26.Rxd6 Nxf4 27.Bxf4 exf4 28.Nd5 Ne5 29.Nb6 Nxf3+
30.gxf3 Be6 31.Re1 Bf7 32.Rxe8 Rxe8 33.Bxf5 Bf8 34.c5 Bxd6 35.cxd6 Re1+ 36.Kf2 Rd1
37.d7 Kf8 38.Ke2 Rd4 39.Be4 Be6 40.Bxb7 Bxd7 41.Nxd7+ Rxd7 42.Bxa6 Ra7 43.Bc8 Rxa2+
44.Kd3 Ra8 45.Bg4 Re8 46.b4 Re3+ 47.Kd4 Ke7 48.Kd5 Rb3 49.Kc5 Kd8 50.h4 Kc7
51.h5 h6 52.Kc4 Re3 53.Kc5 Re5+ 54.Kd4 Kd6 55.Kc4 Rd5 56.Kc3 Kc6 57.Kc4 Re5
58.Kd4 Re3 59.Bf5 Kd6 60.Be4 Rb3 61.Kc4 Rb2 62.Bf5 Rf2 63.Bg4 Re2 64.Kd3 Re1
65.Kd4 Re3 66.Kc4 Ke5 67.b5 Kd6 68.Kd4 Re1 69.Kc4 Ra1 70.Bf5 Ra4+ 71.Kb3 Rd4
72.Be4 Rxe4  0-1

[Event "Dieren op"]
[Site "Dieren"]
[Date "1997.??.??"]
[Round "7"]
[White "Belle, Erika"]
[Black "Osterwald, E."]
[Result "0-1"]
[WhiteElo "2040"]
[BlackElo "2160"]

1.e4 c5 2.Nf3 e6 3.d4 cxd4 4.Nxd4 a6 5.Bd3 Bc5 6.Nb3 Ba7 7.O-O Nc6 8.Qe2 Qc7
9.Nc3 b5 10.Be3 Nf6 11.Bxa7 Rxa7 12.Rae1 d6 13.f4 b4 14.Nd1 e5 15.Ne3 O-O
16.Nd5 Qd8 17.fxe5 Nxd5 18.exd5 Nxe5 19.Bf5 Qb6+ 20.Kh1 Rc7 21.Rd1 Bxf5 22.Rxf5 Rfc8
23.Nd4 Rc5 24.Qe4 Qb7 25.Nc6 Nxc6 26.dxc6 Qxc6 27.Qxc6 R5xc6 28.Rfd5 g6 29.Rxd6 Rxc2
30.Rxa6 Rxb2 31.h3 Rcc2 32.Ra8+ Kg7 33.Ra7 Rxa2 34.Rb7 Rxg2 35.Rxb4 Rh2+
36.Kg1 Rxh3  0-1

[Event "GER-ch U20 qual"]
[Site "Dortmund"]
[Date "1997.??.??"]
[Round "?"]
[White "Balcerak, Jakob"]
[Black "Fuhrmann, Daniel"]
[Result "1/2-1/2"]
[WhiteElo "2250"]
[BlackElo "2295"]

1.e4 c5 2.Nf3 e6 3.d4 cxd4 4.Nxd4 a6 5.Bd3 Nf6 6.O-O Qc7 7.Qe2 d6 8.c4 g6
9.Nc3 Bg7 10.Nf3 Nbd7 11.h3 O-O  1/2-1/2

[Event "Dresden op"]
[Site "Dresden"]
[Date "1997.??.??"]
[Round "3"]
[White "Gara, Ticia"]
[Black "Farago, Ivan"]
[Result "0-1"]
[WhiteElo "2175"]
[BlackElo "2445"]

1.e4 c5 2.Nf3 e6 3.d4 cxd4 4.Nxd4 a6 5.Bd3 Nf6 6.O-O Qc7 7.Nc3 Nc6 8.Nb3 b5
9.a3 Be7 10.f4 d6 11.Be3 Bb7 12.Qf3 b4 13.axb4 Nxb4 14.Na5 O-O 15.Nxb7 Qxb7
16.Rf2 Rfc8 17.g4 d5 18.e5 Nd7 19.Qg3 Bc5 20.Bxc5 Nxc5 21.Re1 Nbxd3 22.cxd3 d4
23.Ne4 Nxe4 24.dxe4 Rc4 25.f5 Rac8 26.f6 Rc1 27.Re2 Qb5 28.Rxc1 Rxc1+ 29.Re1 Qxb2
30.fxg7 d3  0-1

[Event "RUS-Cup5"]
[Site "Ekaterinburg"]
[Date "1997.??.??"]
[Round "6"]
[White "Skatchkov, Pavel"]
[Black "Dzuban, Oleg I"]
[Result "0-1"]
[WhiteElo "2370"]
[BlackElo "2425"]

1.e4 c5 2.Nf3 e6 3.d4 cxd4 4.Nxd4 a6 5.Bd3 Nf6 6.O-O d6 7.Be3 Be7 8.Nc3 b5
9.e5 dxe5 10.Qf3 exd4 11.Qxa8 dxe3 12.Qxb8 exf2+ 13.Kh1 Bd6 14.Qa8 O-O 15.Qf3 Bc5
16.Nd1 Nd5 17.Nxf2 f5 18.Rae1 Qb6 19.Nd1 Bd6 20.Nc3 Nf4 21.Qe3 Qc7 22.Be2 b4
23.Na4 Nd5 24.Qd4 Bxh2 25.Bc4 Bg3 26.Bxd5 Bxe1 27.Rxe1 exd5 28.Qxd5+ Qf7
29.Qxf7+ Kxf7 30.Nc5 Rd8 31.Nd3 Kf6 32.Re2 a5 33.Rf2 g5 34.a3 bxa3 35.bxa3 h5
36.Kh2 Rd4 37.Nc5 Rh4+ 38.Kg1 Rc4 39.Nb3 a4 40.Nd2 Rg4 41.Nf1 h4 42.Kh2 Be6
43.c3 Re4 44.Nd2 Re3 45.Rf3 Re2 46.Rd3 g4 47.Kg1 Re1+ 48.Kf2 Rc1 49.Rd4 Rxc3
50.Rxa4 Bd5 51.Ra6+ Ke5 52.Rb6 Rc2 53.Ke3 Bxg2 54.Rb8 Rc3+ 55.Kf2 h3 56.Rg8 Kf4
57.Rh8 g3+ 58.Ke2  0-1

[Event "RUS-Cup5"]
[Site "Ekaterinburg"]
[Date "1997.??.??"]
[Round "8"]
[White "Saunina, Ludmila"]
[Black "Serafimov, D."]
[Result "0-1"]
[WhiteElo "2210"]
[BlackElo "2410"]

1.e4 c5 2.Nf3 e6 3.d4 cxd4 4.Nxd4 a6 5.Bd3 Qc7 6.c4 Nf6 7.O-O b6 8.Qe2 d6
9.Nc3 Be7 10.f4 Nbd7 11.Kh1 Bb7 12.Bd2 O-O 13.Rac1 Rfe8 14.b3 Bf8 15.Nf3 Rad8
16.Bb1 Qb8 17.Be3 Qa8 18.Bf2 Rc8 19.Bh4 Nh5 20.Ng5 g6 21.e5 dxe5 22.fxe5 Nxe5
23.Nxh7 Bxg2+ 24.Qxg2 Qxg2+ 25.Kxg2 Kxh7 26.Ne4 f5 27.Ng5+ Kg8 28.Rce1 Bg7
29.Bf2 Rc6 30.Bg1 Bf6 31.Nf3 Nxf3 32.Rxf3 Rd8 33.Be3 Rcd6 34.Bc2 a5 35.Bc1 Rd2+
36.Bxd2 Rxd2+ 37.Kf1 Rxc2 38.Rxe6 Rxa2 39.Rxb6 Rxh2 40.Ra6 f4 41.Rxa5 Bd4
42.Rd5 Be3 43.c5 Ng3+  0-1

[Event "FRA-chT9697 groupe A"]
[Site "France"]
[Date "1997.??.??"]
[Round "6"]
[White "Lumbroso, Philippe"]
[Black "Lamoureux, Charles"]
[Result "1-0"]
[WhiteElo "2200"]
[BlackElo "2370"]

1.e4 c5 2.Nf3 e6 3.d4 cxd4 4.Nxd4 a6 5.Bd3 Qc7 6.O-O Nf6 7.Qe2 d6 8.b3 Nbd7
9.Bb2 g6 10.Nc3 Bg7 11.Rad1 O-O 12.Nb1 b5 13.c4 bxc4 14.Bxc4 Ne5 15.Rc1 Qe7
16.f4 Nxc4 17.Rxc4 Bb7 18.e5 Ne4 19.Ba3 Bd5 20.Nc6 Qb7 21.Rxe4 Bxc6 22.Re3 Rfd8
23.Bxd6 Rxd6 24.exd6 Bd4 25.Rd1 Ba7 26.Nd2 Bxe3+ 27.Qxe3 Bxg2 28.Nc4 Rd8
29.Qb6 Qa8 30.Qc7 Bh3 31.Rd2 Qf3 32.Qxf7+ Kxf7 33.Ne5+ Ke8 34.Nxf3 Bf5 35.Ne5 Be4
36.d7+ Ke7 37.Rd4 Bd5 38.Ra4 Bb7 39.Rc4 Bd5 40.Rc7 Rf8 41.Rc8 Rd8 42.Kf2 Bb7
43.Rc7 Bd5 44.Ra7 Rf8 45.Ke3 Ra8 46.Rxa8 Bxa8 47.h4 Bb7 48.Kd4 Kd8 49.Kc5 Kc7
50.b4 Bd5 51.a4 Bb3 52.b5 Bxa4 53.b6+  1-0

[Event "FRA-chT9697 groupe A"]
[Site "France"]
[Date "1997.??.??"]
[Round "6"]
[White "Desbones, Samy"]
[Black "Vaisman, Volodia"]
[Result "0-1"]
[WhiteElo "2285"]
[BlackElo "2380"]

1.e4 e6 2.d4 c5 3.Nf3 cxd4 4.Nxd4 a6 5.Bd3 Nf6 6.O-O Qc7 7.Qe2 d6 8.c4 Nbd7
9.b3 g6 10.Bb2 Bg7 11.Nc3 O-O 12.Rad1 b6 13.Bb1 Bb7 14.Rfe1 Rad8 15.f4 e5
16.fxe5 Nxe5 17.Nf3 Nfd7 18.Nxe5 Bxe5 19.Kh1 Rde8 20.Qd2 Nf6 21.Ba3 Rd8 22.Rc1 Qe7
23.Qe2 h5 24.h3 h4 25.Nd5 Bxd5 26.exd5 Nh5 27.Qg4 Qf6 28.Rcd1 Rfe8 29.Qf3 Ng3+
30.Kg1 Qxf3 31.gxf3 Kg7 32.Kg2 f5 33.Bd3 Nh5 34.Bc1 Kf6 35.Re2 Bc3 36.Kf2 Bd4+
37.Be3 Rxe3 38.Rxe3 f4 39.Re1  0-1

[Event "BL2-W9798"]
[Site "Germany"]
[Date "1997.??.??"]
[Round "?.1"]
[White "Klovans, Janis"]
[Black "Chuchelov, Vladimir"]
[Result "1/2-1/2"]
[WhiteElo "2465"]
[BlackElo "2540"]

1.e4 c5 2.Nf3 e6 3.d4 cxd4 4.Nxd4 a6 5.Bd3 Bc5 6.c3 Nc6 7.Nxc6 dxc6 8.O-O e5
9.a4 Nf6 10.Bg5 h6 11.Bh4 Qe7 12.Nd2 g5 13.Bg3 h5 14.b4 Ba7 15.Nc4 Ng4 16.Be2 Rh6
17.h3 h4 18.Bh2 Nxh2 19.Kxh2 Rf6 20.Kg1 Rf4 21.Qd3 Be6 22.Rad1 Rd8 23.Qxd8+ Qxd8
24.Rxd8+ Kxd8 25.Nd2 f5 26.Bf3 fxe4 27.Nxe4 g4 28.hxg4 Bxg4 29.Rd1+ Ke7 30.Bxg4 Rxe4
31.Bf3 Rc4 32.Rc1 Bd4 33.b5 cxb5 34.axb5 axb5 35.Be2 Rxc3 36.Rxc3 Bxc3 37.Bxb5 Kd6
38.Kf1 Kc5 39.Bd3 Kd4 40.Ke2 e4 41.Bb5 Kc5 42.Be8 Bd4 43.Bg6 Kd5 44.Bf7+ Ke5
45.Bc4 Bc5 46.Bb5 Kd4 47.Bd7 Kc3 48.Bf5 Kd4 49.Bd7 Bd6 50.Be8 Bf4 51.Bd7 Bg5
52.Be8  1/2-1/2

[Event "BL9697 (Women)"]
[Site "Germany"]
[Date "1997.??.??"]
[Round "?"]
[White "Schumacher, Britta"]
[Black "Steinbacher, Claudia"]
[Result "1/2-1/2"]
[WhiteElo "2085"]
[BlackElo "2030"]

1.e4 c5 2.Nf3 e6 3.d4 cxd4 4.Nxd4 a6 5.Bd3 Qc7 6.O-O Nf6 7.c4 Bc5 8.Nb3 Ba7
9.Nc3 Nc6 10.Qe2 d6 11.Be3 Bxe3 12.Qxe3 Ne5 13.Nd2 O-O 14.h3 Bd7 15.Rac1  1/2-1/2

[Event "BL9697 (Women)"]
[Site "Germany"]
[Date "1997.??.??"]
[Round "?"]
[White "Schubert, Silke"]
[Black "Jentsch, Katja"]
[Result "0-1"]
[WhiteElo "2095"]
[BlackElo "2115"]

1.e4 c5 2.Nf3 e6 3.d4 cxd4 4.Nxd4 a6 5.Bd3 Qc7 6.O-O Nc6 7.Nxc6 bxc6 8.f4 Bc5+
9.Kh1 Nf6 10.Nd2 d5 11.c4 Bb7 12.cxd5 cxd5 13.e5 Nd7 14.Qh5 g6 15.Qe2 O-O
16.Nf3 Rfc8 17.Bd2 a5 18.Ng5 Be7 19.Rac1 Qd8 20.Rxc8 Rxc8 21.Nf3 Nc5 22.Bb5 Qb6
23.Be3 Ba6 24.Bxa6 Qxa6 25.Qxa6 Nxa6 26.Bd4 Nb4 27.a3 Nd3 28.g3 Rb8 29.b4 axb4
30.axb4 Rxb4 31.Ra1 Bc5 32.Bxc5 Nxc5 33.Ra7 h6 34.Kg2 Ne4 35.Ra2 Kf8 36.Nd2 Nxd2
37.Rxd2 Re4 38.Ra2 g5 39.Kf3 Kg7 40.Ra7 Kg6 41.Rb7 gxf4 42.gxf4 h5 43.Ra7 Rc4
44.Rb7 Rc3+ 45.Kf2 h4 46.Kg2 Rc2+ 47.Kh3 Rf2 48.Kxh4 Rxf4+ 49.Kg3 Re4 50.Rb8 Rxe5
51.Rg8+ Kh7 52.Rg4 Rf5 53.Rd4 Rg5+ 54.Kh4 Rg8 55.Kh5 Rd8 56.h4 e5 57.Rg4 d4
58.Re4 d3  0-1

[Event "BL2-O9697"]
[Site "Germany"]
[Date "1997.??.??"]
[Round "?.4"]
[White "Albrecht, Hans"]
[Black "Boehlig, Heinz"]
[Result "0-1"]
[WhiteElo "2295"]
[BlackElo "2295"]

1.e4 c5 2.Nf3 e6 3.d4 cxd4 4.Nxd4 a6 5.Bd3 Bc5 6.Nb3 Ba7 7.Qe2 Nc6 8.Be3 Bxe3
9.Qxe3 d6 10.Nc3 Nf6 11.O-O-O O-O 12.f4 Qc7 13.Be2 b5 14.a3 Bb7 15.g4 b4
16.axb4 Nxb4 17.Bf3 Rfc8 18.Rd2 d5 19.e5 Nd7 20.Nd4 Qa5 21.Nb1 Nc5 22.Na3 Na4
23.Nb3 Nc3 24.Rd4 Nba2+ 25.Kd2 Ne4+ 26.Ke2 Qc7 27.Bxe4 dxe4 28.Rc4 Qe7 29.Rxc8+ Rxc8
30.Rd1 Nc3+ 31.bxc3 Qxa3 32.Qb6 Qe7 33.Na5 Bd5 34.c4 Qa3 35.Qb3 Qxa5 36.cxd5 exd5
37.Rxd5 Qc7 38.Rd2 g5  0-1

[Event "BL2-O9697"]
[Site "Germany"]
[Date "1997.??.??"]
[Round "?.1"]
[White "Womacka, Mathias"]
[Black "Bezold, Michael"]
[Result "1/2-1/2"]
[WhiteElo "2470"]
[BlackElo "2500"]

1.e4 c5 2.Nf3 e6 3.d4 cxd4 4.Nxd4 a6 5.Bd3 Bc5 6.Nb3 Ba7 7.Qe2 Nc6 8.Be3 Nf6
9.Nc3 d6 10.f4 b5 11.O-O-O b4 12.Na4 e5 13.f5 Bd7 14.g4 h6 15.h4 h5 16.gxh5 Nxh5
17.Qd2 Bxe3 18.Qxe3 Nd4 19.Nxd4 exd4 20.Qxd4 Bxa4 21.e5 Rb8 22.Rhe1 Qb6 23.exd6+ Kf8
24.Qxb6 Rxb6 25.Bc4 Nf6 26.Re7 Be8 27.d7 Nxd7 28.Rexd7 Bxd7 29.Rxd7 Rxh4
30.Bxf7 Rc6 31.Bb3 Rg4 32.Kd2 Ke8 33.Ra7 Rc5 34.Rxa6 Rxf5 35.a4 Rf3 36.Ke2 Rh3
37.Kf2 Rd4 38.Ke2 Re4+ 39.Kf2 Rd4 40.Ke2 Re4+ 41.Kf2 g5 42.a5 Kd8 43.Rg6 g4
44.a6 Rf3+ 45.Kg2 Re2+ 46.Kg1  1/2-1/2

[Event "BL2-O9697"]
[Site "Germany"]
[Date "1997.??.??"]
[Round "?.1"]
[White "Ioseliani, Nana"]
[Black "Bezold, Michael"]
[Result "1-0"]
[WhiteElo "2510"]
[BlackElo "2500"]

1.e4 c5 2.Nf3 e6 3.d4 cxd4 4.Nxd4 a6 5.Bd3 Bc5 6.Nb3 Ba7 7.Qe2 Nc6 8.Be3 Nf6
9.Nc3 d6 10.O-O b5 11.Rfd1 O-O 12.a4 b4 13.Na2 Qc7 14.Rac1 Bxe3 15.Qxe3 e5
16.Bc4 Ne7 17.Qe2 Bg4 18.f3 Bd7 19.Kh1 Bxa4 20.Nxb4 a5 21.Na2 Rfc8 22.Ba6 Rcb8
23.Nc3 Bd7 24.Ra1 Rb4 25.Bb5 Bxb5 26.Nxb5 Qc6 27.Nxd6 a4 28.Qd2 Qb6 29.Qc3 Rd8
30.Nf5 Ned5 31.Ne7+ Kf8 32.Nxd5 Nxd5 33.Qc5+ Ke8 34.Rxd5 Rxd5 35.Qxd5 axb3
36.Qxe5+ Kd7 37.Rd1+ Kc8 38.c3 Rb5 39.Qe8+ Kc7 40.Qxf7+ Kb8 41.Ra1  1-0

[Event "BL9697 (Women)"]
[Site "Germany"]
[Date "1997.??.??"]
[Round "?"]
[White "Koglin, Anke"]
[Black "Dergatschova Daus, Anna"]
[Result "1-0"]
[WhiteElo "2210"]
[BlackElo "2180"]

1.e4 c5 2.Nf3 e6 3.d4 cxd4 4.Nxd4 a6 5.Bd3 Qc7 6.O-O Nf6 7.Qe2 d6 8.c4 Nbd7
9.b3 Be7 10.Bb2 b6 11.Nc3 Bb7 12.Rad1 Rc8 13.Bb1 Qb8 14.f4 O-O 15.Kh1 Rfe8
16.Nf3 g6 17.f5 e5 18.fxg6 hxg6 19.Ng5 Kg7 20.Nd5 Bxd5 21.exd5 Rh8 22.Bc1 b5
23.Qd3 bxc4 24.bxc4 Nf8 25.Be3 Rh4 26.c5 dxc5 27.d6 c4 28.Qa3 Bd8 29.Qc3 N8d7
30.h3 Rc6 31.Qe1 Rh5 32.Qg3 c3 33.Bc2 Nf8 34.Qxe5 Qb5 35.Qg3 Qb2 36.Bb3 c2
37.Rc1 Rc3 38.Qf4 Rxe3 39.Qxe3 Ng4 40.Rxf7+ Kg8 41.Rh7+  1-0